banner koha

Fontes e niveis de fertilizantes fosfatados sobre alguns caracteres das raizes da mandioca [Manihot esculenta] (Registro n. 114394)

MARC details
000 -LÍDER
campo de controle de tamanho fixo 00996nas a2200289 4500
001 - NÚMERO DE CONTROLE
campo de controle BR8401732
003 - IDENTIFICADOR DO NÚMERO DE CONTROLE
campo de controle BR-BrBNA
005 - DATA E HORÁRIO DA ÚLTIMA TRANSAÇÃO
campo de controle 20231205085851.0
007 - CAMPO FIXO DE DESCRIÇÃO FÍSICA--INFORMAÇÃO GERAL
campo de controle de tamanho fixo ta
008 - CAMPO DE DADOS FIXOS--INFORMAÇÃO GERAL
campo de controle de tamanho fixo 230509b bl.|||p| |||| 00| 00por d
040 ## - FONTE DA CATALOGAÇÃO
Instituição da catalogação original BR-BrBNA
Idioma da catalogação por
Instituição que transcreveu o registro Biblioteca Nacional de Agricultura
041 ## - CÓDIGO DE IDIOMA
Código do idioma do texto/trilha sonora ou título diferente (Pt)
072 ## - CÓDIGO DE CATEGORIA DE ASSUNTO
Código de Categoria de Assunto F25
100 1# - ENTRADA PRINCIPAL--NOME PESSOAL
Nome pessoal Souza, A.B. de
100 1# - ENTRADA PRINCIPAL--NOME PESSOAL
Nome pessoal Begazo, J.C.E.O.
100 1# - ENTRADA PRINCIPAL--NOME PESSOAL
Nome pessoal Defelipo, B.V.
100 1# - ENTRADA PRINCIPAL--NOME PESSOAL
Nome pessoal Cardoso, A.A.
245 1# - TÍTULO
Título Fontes e niveis de fertilizantes fosfatados sobre alguns caracteres das raizes da mandioca [Manihot esculenta]
Restante do título Parte de tese
246 1# - FORMA VARIANTE DO TÍTULO
Título/título abreviado Sources and rates of phosphate fertilizers on some characters of cassava roots [Manihot esculenta]
Restante do título [Part of thesis]
650 ## - ASSUNTO--TERMO TÓPICO
Cabeçalho tópico ou nome geográfico MANDIOCA
650 ## - ASSUNTO--TERMO TÓPICO
Cabeçalho tópico ou nome geográfico FERTILIZANTE FOSFATADO
650 ## - ASSUNTO--TERMO TÓPICO
Cabeçalho tópico ou nome geográfico ADUBACAO
650 ## - ASSUNTO--TERMO TÓPICO
Cabeçalho tópico ou nome geográfico RAIZ
773 0# - ENTRADA ANALÍTICA
Título Revista Brasileira de Mandioca (Brazil)
ISSN - International Standard Serial Number ISSN 0101-563X
Partes relacionadas (1983), v. 2(2) p. 33-38
Número de controle do registro BR8401732
909 ## -
-- 202311
-- Lúcia
-- 55
-- Lúcia Elande
942 ## - ELEMENTOS DE ENTRADA ADICIONADOS (KOHA)
Fonte da classificação ou esquema de arquivamento na estante Classificação AGRIS
Ocultar no OPAC Não
Tipo de material Koha Analítica
Exemplares
Situação do descarte Fonte da classificação ou esquema de arquivamento na estante Situação física Não pode ser emprestado Biblioteca de origem Biblioteca atual Localização na estante Enumeração do periódico / cronologia Total de empréstimos Data de último acesso Número do exemplar Tipo de material Koha Fonte de aquisição
  Classificação AGRIS   Consulta local Biblioteca Nacional de Agricultura - Binagri Biblioteca Nacional de Agricultura - Binagri   (1983), v. 2(2) p. 33-38   29/11/2023 01 Periódicos Portaria Interministerial nº 164/94

BINAGRI

Telefone: (61)3218-2567/2388/3357/2097 - binagri@agro.gov.br

Ministério da Agricultura e Pecuária , Esplanada dos Ministérios, Bloco D, Anexo B, Brasília/DF, CEP: 70.043-900